Quizzes
Events
Quiz Creation
Community
Videos
Private Events
Remove Ads
Sign In
Join for FREE
Feedback
Dark Mode
Quiz Categories
Sports
Geography
Music
Movies
Television
Just For Fun
Miscellaneous
History
Literature
Language
Science
Gaming
Entertainment
Religion
Holiday
For Kids
Quiz Lab
Recent
Popular Today
Quiz Kudos Today
Editor Picks
Curator Picks
Quizzes by...
Day
Popularity
Type
Ratings
Length
Year
Community
Subscriptions
Recent Discussions
Orange Saloon
Badges
Playlists
Quests
Create
Leaderboards
Showdown
Live 5
Trivia Bingo
Activity
Puzzle Library
Sporcle Events
Private Events
Virtual Trivia
Globe League
Become a Host
Pub Owners
SporcleCon
Opinionation
Our Games
Videos
Blog
Mobile Apps
Partnerships
Remove Ads and Go Orange
Feedback
Sports
Athletes
MLB
NBA
NHL
NFL
Soccer
Sports Teams
WWE
NCAA
Football
Premier League
Basketball
Baseball
Hockey
Golf
Tennis
Cricket
Rugby
Auto Racing
Olympics
World Cup
Sports
Athletes
MLB
NBA
NHL
NFL
Soccer
Sports Teams
WWE
NCAA
Football
Premier League
Basketball
Baseball
Hockey
Golf
Tennis
Cricket
Rugby
Auto Racing
Olympics
World Cup
Random Quiz
Search Sporcle
×
Quiz Lab
Quiz Lab
Sports
NHL
Type in answers that appear in a list
Type in answers that appear in a list
Classic
Best Score? Go Orange.
Current NHL Captains Stats
Can you name the Current NHL Captains?
By
dabears00
5m
23 Questions
119 Plays
119 Plays
119 Plays
Comments
Comments
Give Quiz Kudos
Give Quiz Kudos
-
- Ratings
hide this ad
More Info
Random Order
Randomize order of answers
Randomize order of answers
Replay
Link that replays current quiz
Next Quiz
Link to next quiz in quiz playlist
You Got
0%
They Got
Avg Score
72%
Avg Friend Score
Upgrade to see
Score Distribution
Jump to the score distribution portion of the page
Score
0/23
Timer
05:00
0
Plays Today
team
captain
% Correct
Penguins
Sidney Crosby
89.9%
Capitals
Alex Ovechkin
89.1%
Blackhawks
Jonathan Toews
87.4%
Canucks
Henrik Sedin
87.4%
Bruins
Zdeno Chara
84%
Flyers
Claude Giroux
84%
Ducks
Ryan Getzlaf
82.4%
Hurricanes
Eric Staal
82.4%
Predators
Shea Weber
80.7%
Red Wings
Henrik Zetterberg
80.7%
Kings
Dustin Brown
78.2%
Coyotes
Shane Doan
78.2%
team
captain
% Correct
Islanders
John Tavares
77.3%
Sharks
Joe Thornton
77.3%
Maple Leafs
Dion Phaneuf
71.4%
Av's
Gabriel Landeskog
68.1%
Blues
David Backes
67.2%
Jets
Andrew Ladd
66.4%
Rangers
Ryan Callahan
65.5%
Canadiens
Brian Gionta
59.7%
Wild
Mikko Koivu
56.3%
Devils
Bryce Salvador
44.5%
Panthers
Ed Jovanoski
5%
Quiz Playlist
Details
Report
Send in Message
Add To Playlist
More Info:
They lead the teams through win, loss, and all the bloody stuff, but what are their names?
Classic:
Type in answers that appear in a list
Random Order:
Randomize order of answers
Last Updated: Feb 16, 2017
Quiz Scoreboard
CHALLENGE
Sign Up to Join the Scoreboard
Show All
Scores
Hide
Comments
May contain spoilers
Recently Published
1-10 Letter E Words III
by El_Dandy
Language
2m
One Thing in Common: World Cities II
by knightlancer
Geography
7m
Popular People in 1961
by mucciniale
History
6m
More to Explore
Quiz From the Vault
Featured Blog Post
Where Did the Easter Bunny Come From?
hide this ad
You Might Also Like...
Tags
Hockey Quiz
NHL Quiz
Funbox
function
functional
Functional Groups
fund
Fund-Raising
fundamental
Fundamentally
NHL Playoffs
Today's Top Quizzes in Sports
Browse Sports
hide this ad
Today's Top Quizzes in NHL
Browse NHL
Top Contributed Quizzes in Sports
1
Les meilleurs buteurs des matchs entre le PSG et l’OM
2
Les entraîneurs de l'OM et du PSG au 21e siècle
3
2022 World Cup Stars
4
FIFA Club World Cup Champions
5
Name the Premier League winners with different clubs
6
La finale Lions - Afrique du Sud 2021
7
Criteria MLB: Left Handed Sluggers
8
Players with Multiple 50 Home Run Seasons
9
MLB Players with Two .350 Batting Average Seasons
10
MLB Hall of Famer by Rings
Explore More
Trending Topics
NBA
Kpop
Marvel
Crossword
Anime
Disney
Harry Potter
Song
Pokémon
Puzzle
Country
The Office
Soccer
WWE
NFL
hide this ad
More By:
dabears00
Quiz
Plays
Rating
Category
Featured
Created
2013 Blackhawks Jersey Numbers
457
3.00
Sports
Jul 6, 2013
2013 Stanley Cup Champion Blackhawks Roster
148
3.00
Sports
Jul 6, 2013
Big 4 SPORCLE Teams
138
2.00
Sports
Jul 1, 2013
Current NHL Captains
119
1.60
Sports
Jul 10, 2013
Stanley Cup Winners in last 30 Years
85
2.00
Sports
Dec 26, 2012
Go to Creator's Profile
Score Distribution
Quiz Creator Spotlight
dabears00
Follow
Send a Message
Quizzes Created
-
Created Quiz Play Count
-
More By This Creator
Popular Quizzes Today
1
Find the US States - No Outlines Minefield
2
The Countries of the World
3
Popular People in 1961
4
Find the Countries of Europe - No Outlines Minefield
5
1-10 Letter E Words III
6
Find the US States
7
One Thing in Common: World Cities II
8
US States
More Sports Quizzes
2014 NBA All Star Game - East Team
Quiz Lab
Trending Quizzes
1-10 Letter F Words
1-10 Letter G Words
Risky Map Clicking: Next State Alphabetically
1-10 Letter F Words II
Risky Map Clicking: States by Unique Starting Letters
Recently Updated
Leaping Animals
pecheneg
Reality TV Shows (A-Z)
bhenderson79
Rickey Henderson's Hall of Fame Teammates
pecheneg
Champions League XIs: Arsenal
pecheneg
Quick Pick: Celebrities in WWE's Hall of Fame
aduchscher
A-Z Keypad Blitz II
pecheneg
Multiple Oscar Actors
pecheneg
Mystery Phrase Blitz: Oscar 'Best Actors'
pecheneg
F. Scott Fitzgerald Novels
LTH
Pick 3 Villains
ddd62291
Trending Topics
Harry Potter
NBA
Marvel
Crossword
Kpop
Anime
Disney
Country
Song
Puzzle
Pokémon
The Office
WWE
Soccer
NFL
Your Account Isn't Verified!
In order to create a playlist on Sporcle, you need to verify the email address you used during registration. Go to your
Sporcle Settings
to finish the process.
Report this User
Report this user for behavior that violates our
Community Guidelines
.
Details:
Send Report
Go to the Sporcle.com Mobile Site →
Comments